Пособие для подготовки к экзаменам по английскому языку (Запис № 442506)
[ простий вигляд ]
| 000 -Лідер | |
|---|---|
| fixed length control field | 00693nam a22002057a 4500 |
| 003 - Ідентифікатор контрольного номера | |
| control field | UA-OsUOA |
| 005 - Дата та час останнього входження (трансакції) | |
| control field | 20191011114328.0 |
| 008 - Елементи даних фіксованої довжини – загальна інформація | |
| fixed length control field | 191011b un ||||| |||| 00| 0 ukr d |
| 040 ## - Джерело каталогізації | |
| Агенція оригінальної каталогізації | UA-OsUOA |
| Мова каталогізації | ukr |
| Агенція, яка здійснювала перезапис | UA-OsUOA |
| Агенція, яка здійснювала модифікацію | UA-OsUOA |
| 041 ## - Код мови | |
| Код мови тексту/ звукової доріжки чи окремого заголовка (П) | ukr |
| 080 ## - Індекс Універсальної десяткової класифікації | |
| Індекс Універсальної десяткової класифікації (УДК) (НП) | 811.111 |
| 090 ## - Локальний шифр розміщення | |
| Класифікаційний індекс УДК | 811.111 |
| 100 ## - Основне введення – ім’я особи | |
| Ім’я особи (НП) | Пайл М |
| 245 ## - Відомості про назву | |
| Назва (НП) | Пособие для подготовки к экзаменам по английскому языку |
| Решта назви (НП) | учебное издание |
| Дані про відповідальність (НП) | Майкл А. Пайл, Мэри Эллен Муньос ; ред. Джерри Боброу |
| 300 ## - Фізичний опис | |
| Обсяг | 231 с. |
| 440 ## - Область серії / додатковий пошуковий ознака на назву серії | |
| Заголовок | Клиффс |
| 700 1# - Додаткове введення – ім'я особи | |
| Ім’я особи (НП) | Пайл М., Муньос М |
| 942 ## - Додаткові елементи входу (Коха) | |
| Source of classification or shelving scheme | Universal Decimal Classification |
| Тип елемента Koha | Книги |
| 955 ## - Код типу видання за змістом | |
| Код типу видання за змістом (НП) | Навчальні видання |
| Стан вилучень | Стан втрат | Джерело класифікації або схеми стелажів | Стан уражень | Не для кредиту | Постійне місце розташування | Поточне розміщення | Дата придбання | Інвентарний номер | Усього замовленно | Повний номер виклику | Штрих-код | Дата останнього перегляду | Ціна ефективна від | Тип елемента Koha | Перевірено | Дата останньої перевірки |
|---|---|---|---|---|---|---|---|---|---|---|---|---|---|---|---|---|
| Withdrawn | Universal Decimal Classification | Not For Loan | АБ - Абонемент НБ | АБ - Абонемент НБ | 11/10/2010 | 15053 | 811.111 | 15053 | 30/06/2022 | 11/10/2019 | Книги | |||||
| Universal Decimal Classification | АБ - Абонемент НБ | АБ - Абонемент НБ | 24/05/2024 | 1 | 811.111 | 15051 | 24/05/2024 | 24/05/2024 | Книги | 22/08/2024 | 24/05/2024 |